La secularización conflictiva : (Record n. 8780)
[ formato base ]
| 000 -LEADER | |
|---|---|
| fixed length control field | 00984cam a2200277 i 4500 |
| 003 - CONTROL NUMBER IDENTIFIER | |
| control field | IT-RoINE |
| 005 - DATE AND TIME OF LATEST TRANSACTION | |
| control field | 20250110141130.0 |
| 008 - FIXED-LENGTH DATA ELEMENTS--GENERAL INFORMATION | |
| fixed length control field | 100309s2007 sp r 001 0 spa d |
| 020 ## - INTERNATIONAL STANDARD BOOK NUMBER | |
| International Standard Book Number | 9788497426503 |
| 040 ## - CATALOGING SOURCE | |
| Original cataloging agency | SpMaUCFS |
| Modifying agency | IT-RoINE |
| Transcribing agency | IT-RoINE |
| 245 13 - TITLE STATEMENT | |
| Title | La secularización conflictiva : |
| Remainder of title | España (1898-1931) / |
| Statement of responsibility, etc | Julio de la Cueva y Feliciano Montero (eds.) |
| 260 ## - PUBLICATION, DISTRIBUTION, ETC. (IMPRINT) | |
| Place of publication, distribution, etc | Madrid : |
| Name of publisher, distributor, etc | Biblioteca Nueva, |
| Date of publication, distribution, etc | 2007. |
| 300 ## - PHYSICAL DESCRIPTION | |
| Extent | 282 p. ; |
| Dimensions | 24 cm. |
| 336 ## - CONTENT TYPE | |
| Source | rdacontent |
| Content type term | text |
| 337 ## - MEDIA TYPE | |
| Source | rdamedia |
| Media type term | unmediated |
| 338 ## - CARRIER TYPE | |
| Source | rdacarrier |
| Carrier type term | volume |
| 490 1# - SERIES STATEMENT | |
| Series statement | Historia Biblioteca Nueva |
| 500 ## - GENERAL NOTE | |
| General note | Incluye índice. |
| 504 ## - BIBLIOGRAPHY, ETC. NOTE | |
| Bibliography, etc | Bibliografía: p. 261-277. |
| 650 04 - SUBJECT ADDED ENTRY--TOPICAL TERM | |
| Topical term or geographic name as entry element | Anticlericalismo |
| Geographic subdivision | España |
| General subdivision | Historia |
| Chronological subdivision | Siglo 20o. |
| 9 (RLIN) | 18110 |
| 650 04 - SUBJECT ADDED ENTRY--TOPICAL TERM | |
| Topical term or geographic name as entry element | Clericalismo |
| Geographic subdivision | España |
| General subdivision | Historia |
| Chronological subdivision | Siglo 20o. |
| 9 (RLIN) | 18111 |
| 700 1# - ADDED ENTRY--PERSONAL NAME | |
| Personal name | Cueva Merino, Julio de la, |
| Dates associated with a name | 1964- |
| 9 (RLIN) | 17003 |
| 700 1# - ADDED ENTRY--PERSONAL NAME | |
| 9 (RLIN) | 16823 |
| Personal name | Montero García, Feliciano, |
| Dates associated with a name | 1948-2018 |
| 830 #0 - SERIES ADDED ENTRY--UNIFORM TITLE | |
| 9 (RLIN) | 16746 |
| Uniform title | Historia (Biblioteca Nueva) |
| 942 ## - ADDED ENTRY ELEMENTS (KOHA) | |
| Item type | Monografías |
| Withdrawn status | Lost status | Damaged status | Not for loan | Home library | Current library | Date acquired | Total Checkouts | Full call number | Barcode | Date last seen | Date last borrowed | Price effective from | Koha item type |
|---|---|---|---|---|---|---|---|---|---|---|---|---|---|
| Iglesia Nacional Española en Roma | Iglesia Nacional Española en Roma | 13/04/2015 | 1 | HIS.ESP.4. 745 | 12139 | 08/06/2016 | 08/06/2016 | 13/04/2015 | Monografías |